000
00214 a2200097 4500
001
20049
100
_a
Zuberi, M H K
245
_a
Educational concepts of greatmen
260
_a
_b
A P E C
_c
090
_c
14643
_d
14643
942
_a
NUST-CAE
_c
M
_c
5162
999
_c
255122
_d
255122